00853nam a2200217Ia 4500003000900000008004100009020002200050040001600072080001700088100002500105245014000130260004400270300001300314650003400327650003700361650004800398650003000446942000700476999001700483952013500500IN-BaIIA211028s9999 xx 000 0 eng d a978-0-226-51951-7 cIIA Library a524.882bMEL aMelia, Fulvio928824 0aCracking the Einstein code: relativity and the birth of black hole physicscFulvio Melia  aChicagobChicago University Pressc2009 axi,137p. aBlack holes(Astronomy)934222 aEinsteins field equations934223 aKerr black holes-Mathematical models934224 aKerr, R.P.(Roy P.)934225 cBK c17975d17975 00104070aBANbBANcGENd2011-02-12eGB g6045.00l0o524.882/ MELp18897r2021-11-05v6045.00w2011-02-12yBKGRs. 6045.00